Turfgrass biology, genetics, and breeding

שמור ב:
מידע ביבליוגרפי
פורמט: Sách
שפה:Undetermined
יצא לאור:  John Wiley & Sons, Inc  2003
נושאים:
תגים: הוספת תג
אין תגיות, היה/י הראשונ/ה לתייג את הרשומה!
Thư viện lưu trữ: Trung tâm Thư viện - Trường Đại học Công nghiệp TP. Hồ Chí Minh
LEADER 00422nam a2200133Ia 4500
001 UIH_04470
008 231011s9999 xx 000 0 und d
082 |a  635.9 
245 0 |a  Turfgrass biology, genetics, and breeding 
260 |b  John Wiley & Sons, Inc 
260 |c  2003 
650 |a  Cỏ (Sinh học);  
927 |a Sách 
980 |a Trung tâm Thư viện - Trường Đại học Công nghiệp TP. Hồ Chí Minh